[Event "IBCA Wch U20 blind 5th"]
[Site "Uppsala"]
[Date "2009.06.23"]
[Round "5"]
[White "Khmelevskoi, Igor"]
[Black "Saikrishna, ST."]
[Result "1-0"]
[WhiteElo "2100"]
[BlackElo "1701"]
[PlyCount "35"]
[EventDate "2009.06.20"]
[EventType "swiss"]
[EventRounds "7"]
[EventCountry "SWE"]
[SourceTitle "EXT 2010"]
[Source "ChessBase"]
[SourceDate "2010.11.25"]
[SourceVersion "1"]
[SourceVersionDate "2010.11.25"]
[SourceQuality "1"]

1. Nf3 d5 2. b3 Nf6 3. Bb2 Nbd7 4. e3 g6 5. c4 e6 6. Nc3 c6 7. d4 Bg7 8. Bd3 0-0 9. 0-0 Re8 10. e4 dxe4 11. Nxe4 Nxe4 12. Bxe4 c5 13. Rb1 cxd4 14. Bxd4 Nf6 15. Bc2 Bd7 16. Ne5 Qe7 17. b4 Rad8 18. Bc5 1-0

[Event "IBCA Wch U20 blind 5th"]
[Site "Uppsala"]
[Date "2009.06.22"]
[Round "4"]
[White "Berggren, Patrik"]
[Black "Khmelevskoi, Igor"]
[Result "1-0"]
[WhiteElo "1960"]
[BlackElo "2100"]
[PlyCount "167"]
[EventDate "2009.06.20"]
[EventType "swiss"]
[EventRounds "7"]
[EventCountry "SWE"]
[SourceTitle "EXT 2010"]
[Source "ChessBase"]
[SourceDate "2010.11.25"]
[SourceVersion "1"]
[SourceVersionDate "2010.11.25"]
[SourceQuality "1"]

1. d4 Nf6 2. g3 g6 3. Bg2 Bg7 4. e4 d6 5. Ne2 0-0 6. 0-0 Nbd7 7. Nbc3 c6 8. a4 e5 9. h3 Qc7 10. Be3 Nb6 11. b3 Re8 12. Qd2 Nbd7 13. g4 Nf8 14. g5 Nh5 15. d5 f5 16. gxf6 Nxf6 17. Rad1 c5 18. Ng3 a6 19. Rde1 b5 20. axb5 axb5 21. Nxb5 Qb6 22. c4 Ba6 23. b4 Bxb5 24. bxc5 dxc5 25. Rb1 Ra5 26. Rb3 Rea8 27. Rfb1 Ra2 28. Qc3 N8d7 29. Rxb5 Qa7 30. Nf1 Ra3 31. R5b3 Ra2 32. Nd2 Qa4 33. Rb5 Rc2 34. Qb3 Qxb3 35. R1xb3 Raa2 36. Rd3 Ra1+ 37. Kh2 Raa2 38. Bf3 h5 39. Rbb3 Bf8 40. Bd1 Rc1 41. Bf3 Rcc2 42. Rbc3 Nb6 43. Bd1 Rxc3 44. Rxc3 Ra1 45. Be2 Re1 46. Bd3 Kh7 47. Ra3 Nfd7 48. Nf3 Rd1 49. Be2 Rb1 50. Bd3 Rb2 51. Bd2 Bh6 52. Be1 Nc8 53. Kg2 Bc1 54. Ra1 Bf4 55. Rb1 Rxb1 56. Bxb1 Nd6 57. Bd3 Nb6 58. Bd2 Bxd2 59. Nxd2 g5 60. Nf3 Nbxc4 61. Bxc4 Nxc4 62. Nxg5+ Kg6 63. Ne6 Nd6 64. Nxc5 Kg5 65. Kg3 h4+ 66. Kf3 Kh5 67. Ne6 Kh6 68. Ke3 Nc4+ 69. Kd3 Nd6 70. f4 exf4 71. Nxf4 Kg5 72. e5 Nb7 73. Ke4 Nc5+ 74. Kd4 Nb3+ 75. Ke3 Kf5 76. d6 Nc5 77. Kd4 Nd7 78. Nd3 Nf8 79. Nc5 Kf4 80. d7 Nxd7 81. Nxd7 Kg3 82. e6 Kxh3 83. e7 Kg2 84. e8Q 1-0

[Event "IBCA Wch U20 blind 5th"]
[Site "Uppsala"]
[Date "2009.06.21"]
[Round "3"]
[White "Khmelevskoi, Igor"]
[Black "Yuvarlak, Ugur"]
[Result "1-0"]
[WhiteElo "2100"]
[BlackElo "1845"]
[PlyCount "53"]
[EventDate "2009.06.20"]
[EventType "swiss"]
[EventRounds "7"]
[EventCountry "SWE"]
[SourceTitle "EXT 2010"]
[Source "ChessBase"]
[SourceDate "2010.11.25"]
[SourceVersion "1"]
[SourceVersionDate "2010.11.25"]
[SourceQuality "1"]

1. Nf3 Nf6 2. g3 g6 3. Bg2 Bg7 4. 0-0 0-0 5. d3 d5 6. Nbd2 c6 7. c3 Nbd7 8. Qc2 e5 9. e4 Re8 10. b4 a5 11. Bb2 dxe4 12. dxe4 Qc7 13. Rfd1 b5 14. a4 Bb7 15. Bf1 Qb6 16. Bh3 axb4 17. cxb4 bxa4 18. Nc4 Qc7 19. Nd6 Re7 20. Rxa4 Rb8 21. Ra7 Ne8 22. Rxb7 Rxb7 23. Nxe8 Qb6 24. Nxg7 Kxg7 25. Rxd7 Rbxd7 26. Bxd7 Rxd7 27. Nxe5 1-0